Statistics for One Letter Answers #3

Click here to take the quiz!

General Stats

  • This quiz has been taken 44,425 times
  • The average score is 19 of 26

Answer Stats

HintAnswer% Correct
Vitamin that the skin synthesizes when exposed to sunlightD
96%
Sometimes it's a vowel, sometimes it's notY
94%
Most common blood type: _ positiveO
93%
The letter that starts the fewest words in the English languageX
92%
Appears on the top left of a standard keyboardQ
91%
First atomic symbol on the Periodic TableH
90%
Letter that comes before turn or boatU
88%
50, in Roman numeralsL
87%
For British people this letter rhymes with "red"Z
84%
Letter that ends most plural words in the Italian languageI
83%
Don't forget to dot your i's and cross this letterT
83%
Comes before 2D2R
79%
The lowest note on a typical pianoA
77%
Letter shaped like a fishing hookJ
77%
The missing letter in this sequence: M T _ T F S SW
74%
Lowest or highest string on a standard 6-string guitarE
72%
When the Spanish pronounce this letter, it sounds like BV
69%
Homophone of a certain type of insectB
68%
The missing letter in this sequence: I V X L _ D MC
67%
The most common ending letter for elements of the periodic tableM
66%
Equivalent of the Greek letter π P
62%
Add this letter before "nave" or "night" to make a different wordK
57%
In sheet music, a letter that means "loud"F
56%
Gerunds end in this letterG
45%
The only consonant that can end a word in JapaneseN
45%
The missing letter in this sequence: O T T F F _ S ES
39%

Score Distribution

Percentile by Number Answered

Percent of People with Each Score

Your Score History

You have not taken this quiz